00895cam a2200253 a 450000100100000000500170001000800410002704000290006805000160009708200170011310000400013024500790017026000370024930000340028650400320032065000270035265000230037970000310040270000270043391000340046004900090049495201210050399900170062400001119020250722101745.0690714s1969 nyua b 001 0 eng  aDO-SdBNPbengcLCdBNPHU00aRC566b.J63 a613.83bJ76d1 aJones, Kenneth Lamar,d1931-92674310aDrugs and alcohol /cKenneth L. Jones, Louis W. Shainberg, Curtis O. Byer. aNew York :bHarper & Row,c1969. aviii, 132 p. :bil. ;c24 cm. aBibliografía: p. 119-121. 0aAbuso de drogas926744 4aAlcoholismo9267451 aShainberg, Louis W.9267461 aByer, Curtis O.926747 aCatalogación por copia / LC aBNGR 001052708MOaGRbGRcCTd2009-10-14iLF1l0o613.83 J76dp11190-10r2020-06-25w2020-06-25y2ZPréstamo interno c10911d10911